[Event "Vienna op"]
[Site "Vienna"]
[Date "1996.??.??"]
[Round "5"]
[White "Rotstein, Arkadij"]
[Black "Polak, Tomas"]
[Result "0-1"]
[WhiteElo "2475"]
[BlackElo "2445"]

1.d4 Nf6 2.c4 e6 3.g3 d5 4.Bg2 Be7 5.Nf3 O-O 6.O-O Nbd7 7.b3 c6 8.Nc3 b6
9.Qc2 Ba6 10.Nd2 Qc7 11.e4 Rfd8 12.Re1 Rac8 13.a4 Bb4 14.e5 Ne8 15.Ba3 Bxa3
16.Rxa3 c5 17.Nf3 cxd4 18.Nb5 Bxb5 19.axb5 dxc4 20.bxc4 Qxc4 21.Qb2 d3 22.Nd2 Qc2
23.Qb4 Nc7 24.Nf1 Qc5 25.Qb2 Qxb5 26.Rb3 Qa5 27.Nd2 Nc5 28.Rb4 b5 29.Ra1 Na4
30.Qb3 a6 31.Ne4 Nd5 32.Rd4 Ndc3 33.Rxd8+ Rxd8 34.Nd6 Qc7 35.Qb4 a5 36.Qh4 d2
37.Bf3 Rxd6 38.exd6 Qxd6 39.Kg2 d1=Q 40.Bxd1 Nxd1 41.Qe4 g6 42.Qa8+ Kg7 43.Qxa5 Qd4  0-1

[Event "JUG-chT"]
[Site "Vrnjacka Banja"]
[Date "1996.??.??"]
[Round "?"]
[White "Trifunovic, Miroljub"]
[Black "Rosic, Slavko"]
[Result "1-0"]
[WhiteElo "2330"]
[BlackElo "2340"]

1.d4 Nf6 2.c4 e6 3.g3 d5 4.Nf3 Be7 5.Bg2 O-O 6.Qc2 Nc6 7.O-O Bd7 8.Nbd2 Nb4
9.Qb1 c5 10.dxc5 dxc4 11.a3 Nc6 12.Nxc4 Bxc5 13.b4 Be7 14.Bb2 Rc8 15.Rd1 Qc7
16.Ng5 g6 17.Ne4 Nxe4 18.Qxe4 b5 19.Ne3 f5 20.Qd3 Rcd8 21.Nd5 Qb8 22.Qc3 e5
23.Nxe7+ Nxe7 24.Qxe5 Qxe5 25.Bxe5 Bc6 26.Bd6 Bxg2 27.Kxg2 Rd7 28.Bxe7 Rxe7
29.e3 a5 30.Rd5 Rb8 31.Rc1 axb4 32.axb4 Re4 33.Rc7 Rxb4 34.Rdd7 Rc4 35.Rg7+ Kf8
36.Rcf7+ Ke8 37.Rxh7 b4 38.Rfg7 Kf8 39.Rxg6 Rb5 40.Ra6 Kg8 41.Rd7 Rc8 42.Raa7 b3
43.Rg7+ Kf8 44.Raf7+ Ke8 45.Rb7 Rxb7 46.Rxb7 Rc3 47.h4 Kd8 48.h5 Kc8 49.Rb4 Kd8
50.h6  1-0

[Event "JUG-chT"]
[Site "Vrnjacka Banja"]
[Date "1996.??.??"]
[Round "?"]
[White "Notaros, Krasoje"]
[Black "Jakovljevic, Milan"]
[Result "1/2-1/2"]
[WhiteElo "2360"]
[BlackElo "2295"]

1.Nf3 Nf6 2.c4 e6 3.g3 d5 4.Bg2 Be7 5.d4 O-O 6.O-O c6 7.Nc3 Nbd7 8.b3 Re8
9.Qc2 b6 10.e4 dxe4 11.Nxe4 Bb7 12.Ne5 Nxe5 13.dxe5 Nxe4 14.Bxe4 h6 15.Bb2 Qc7
16.Rad1 Rad8 17.Rxd8 Rxd8 18.Rd1 c5 19.Rxd8+ Bxd8 20.Bxb7 Qxb7 21.Qd3 Be7
22.h4 h5 23.f3 Qc7 24.Kf2 Qd8 25.Qxd8+ Bxd8  1/2-1/2

[Event "JUG-chT"]
[Site "Vrnjacka Banja"]
[Date "1996.??.??"]
[Round "?"]
[White "Stamenkovic, Zoran"]
[Black "Tosic, Miroslav"]
[Result "1/2-1/2"]
[WhiteElo "2385"]
[BlackElo "2415"]

1.d4 Nf6 2.c4 e6 3.g3 d5 4.Bg2 Be7 5.Nf3 O-O 6.O-O dxc4 7.Qc2 a6 8.a4 Bd7
9.Qxc4 Bc6 10.Bg5 Bd5 11.Qd3 Be4 12.Qd1 h6 13.Bxf6 Bxf6 14.Nc3 Bxf3 15.Bxf3 c6
16.Qb3 Ra7 17.Rfd1 a5 18.Ne4 Be7 19.Nc5 Qc7 20.Rac1 Na6 21.Ne4 Nb4 22.Nc3 Qb6
23.h4 Raa8 24.e4 Rad8 25.Qc4 Rd7 26.d5 exd5 27.exd5 cxd5 28.Nxd5 Nxd5 29.Bxd5 Bb4
30.Rd3 h5 31.Rf3 g6 32.Qe4 Re7 33.Qf4 Kg7 34.Kg2 Rd8 35.Rd1 Rd6 36.Rdd3 Rf6
37.Qxf6+ Qxf6 38.Rxf6 Kxf6  1/2-1/2

[Event "Warsaw op (Women)"]
[Site "Warsaw"]
[Date "1996.??.??"]
[Round "6"]
[White "Kiseleva, Natalia"]
[Black "Litinskaya, Marta I"]
[Result "1/2-1/2"]
[WhiteElo "2270"]
[BlackElo "2355"]

1.d4 Nf6 2.c4 e6 3.g3 d5 4.Bg2 Be7 5.Nf3 O-O 6.O-O c6 7.Qc2 Nbd7 8.Rd1 b6
9.b3 Ba6 10.Nbd2 Rc8 11.e4 c5 12.exd5 exd5 13.Bb2 Re8 14.Rac1 cxd4 15.Nxd4 b5
16.Qb1 bxc4 17.bxc4 Bxc4 18.Nxc4 Rxc4 19.Nc6 Qc7 20.Bxd5 Rxc1 21.Nxe7+ Rxe7
22.Rxc1 Qb6 23.Bf3 Ne5 24.Kg2 Nxf3 25.Bxf6 gxf6 26.Qxb6 Nh4+  1/2-1/2

[Event "Werfen op-A"]
[Site "Werfen"]
[Date "1996.??.??"]
[Round "5"]
[White "Raetsky, Alexander"]
[Black "Buerger, Carsten"]
[Result "1/2-1/2"]
[WhiteElo "2455"]
[BlackElo "2215"]

1.d4 Nf6 2.c4 e6 3.g3 d5 4.Nf3 Be7 5.Bg2 O-O 6.O-O Nbd7 7.Qc2 c6 8.Nbd2 b5
9.c5 Qc7 10.e4 dxe4 11.Nxe4 Nxe4 12.Qxe4 Nf6 13.Qc2 Nd5 14.Bg5 Bb7 15.Bxe7 Nxe7
16.Rad1 a5 17.Ng5 g6 18.Qe4 Rad8 19.Qe5 Qxe5 20.dxe5 Nd5 21.Ne4 Rd7 22.Rfe1 Rfd8
23.a3 Kf8 24.Nd6 Ke7 25.f4 h5 26.Kf2 Ba6 27.Bxd5 exd5 28.h3 Ra7 29.g4 Rh8
30.Kg3 Raa8 31.Rh1 Rag8 32.Kf3 Rh7 33.f5 hxg4+ 34.hxg4 Rgh8 35.Rxh7 Rxh7
36.Kg3 g5 37.Rd2 Rh1 38.Rh2 Rxh2 39.Kxh2 b4 40.axb4 axb4 41.Kg3 Be2 42.Nb7 Kd7
43.Na5 Bd1 44.Kh3 Ba4 45.Kg2 Bd1 46.Kg3 Bc2 47.Kf2 Bd1 48.Kg3 Bc2 49.e6+ fxe6
50.fxe6+ Kxe6 51.Nxc6 b3 52.Nd4+ Kd7 53.Nf3 Kc6 54.Nxg5 Kxc5 55.Kf4 Kd4 56.Ne6+ Kd3
57.Ke5 Kd2 58.Kd4 Bg6 59.Nf4 Bf7 60.g5 Kc2 61.Nd3 Bg6 62.Nc5 Kxb2 63.Nxb3  1/2-1/2

[Event "Werfen op-A"]
[Site "Werfen"]
[Date "1996.??.??"]
[Round "6"]
[White "Staller, Peter"]
[Black "Neckar, Lubomir"]
[Result "1/2-1/2"]
[WhiteElo "2350"]
[BlackElo "2350"]

1.d4 d5 2.c4 e6 3.Nf3 Be7 4.g3 Nf6 5.Bg2 O-O 6.O-O b6 7.Ne5 Bb7 8.Nc3 Na6
9.cxd5 exd5 10.Bg5 c5 11.Qa4 cxd4 12.Qxd4 Nc7 13.Qa4 Ne6 14.Be3 Qc7 15.Nd3 Bc6
16.Bf4 Qb7 17.Qb3 d4 18.Bxc6 Qxc6 19.Nb5 a6 20.Na3 b5 21.Bd2 Qe4  1/2-1/2

[Event "Owens Corning"]
[Site "Wrexham"]
[Date "1996.??.??"]
[Round "?"]
[White "Martinovsky, Eugene"]
[Black "Murugan, Krishnamoorthy"]
[Result "1/2-1/2"]
[WhiteElo "2260"]
[BlackElo "2430"]

1.d4 Nf6 2.c4 e6 3.g3 d5 4.Bg2 Be7 5.Nf3 O-O 6.Qc2 c6 7.O-O b6 8.Nbd2 Bb7
9.Rd1 Nbd7 10.b3 Rc8 11.Bb2 Qc7 12.Rac1 Qb8 13.e4 dxe4 14.Ne5 Rfd8 15.Nxe4 Nxe4
16.Bxe4 Nf6 17.Bg2 c5 18.dxc5 Bxc5 19.Qe2 Qa8 20.Bxb7 Qxb7 21.Rxd8+ Rxd8
22.Rd1 Rxd1+ 23.Qxd1 h6 24.Qd8+ Kh7 25.Qd3+ Kg8 26.Qd8+ Kh7 27.Qd3+ Kg8  1/2-1/2

[Event "Yerevan op"]
[Site "Yerevan"]
[Date "1996.??.??"]
[Round "1"]
[White "Tukmakov, Vladimir B"]
[Black "Alexanian, Vahe"]
[Result "1-0"]
[WhiteElo "2595"]
[BlackElo "2170"]

1.d4 Nf6 2.Nf3 d5 3.c4 e6 4.g3 Be7 5.Bg2 O-O 6.O-O c6 7.Qc2 Nbd7 8.b3 Re8
9.Nc3 Nf8 10.e4 dxe4 11.Nxe4 Nxe4 12.Qxe4 Bf6 13.Ba3 Ng6 14.Ne5 Qa5 15.Bd6 Rd8
16.c5 Be7 17.Nc4 Qb4 18.Bc7 Rd7 19.Ba5 Qb5 20.Bc3 Bf6 21.Rfd1 Qa6 22.Bf1 b5
23.Nd6 Rxd6 24.cxd6 Bb7 25.a4 c5 26.axb5 Qxa1 27.Qxb7 Qxd1 28.Qxa8+ Nf8 29.d7 Qc2
30.Ba5 Bxd4 31.Qxf8+  1-0

[Event "Yerevan ol (Men)"]
[Site "Yerevan"]
[Date "1996.??.??"]
[Round "2"]
[White "Ghorbani, Mohsen"]
[Black "Kropff, Ricardo"]
[Result "0-1"]
[WhiteElo "2200"]
[BlackElo "2250"]

1.d4 Nf6 2.c4 e6 3.Nf3 d5 4.g3 Be7 5.Bg2 O-O 6.O-O dxc4 7.Qc2 a6 8.a4 Bd7
9.Nbd2 Bc6 10.Rd1 b5 11.e4 Bb7 12.e5 Nd5 13.Ne4 Nc6 14.Neg5 g6 15.Qe4 Kg7
16.Bh3 Qd7 17.Qh4 h5 18.Qe4 Na5 19.Nh4 Nc3 20.Qe3 Bxg5 21.Qxc3 Bxh4 22.d5 Nb3
23.gxh4 Nxa1 24.Qe3 Rh8 25.Qf3 Bxd5 26.Qf6+ Kg8 27.Bg5 Nb3 28.f4 Nc5 29.f5 exf5
30.e6 Qxe6 31.Qd4 Nd3 32.Bf6 c5  0-1

[Event "Yerevan op"]
[Site "Yerevan"]
[Date "1996.??.??"]
[Round "5"]
[White "Tukmakov, Vladimir B"]
[Black "Asrian, Karen"]
[Result "1-0"]
[WhiteElo "2595"]
[BlackElo "2310"]

1.d4 d5 2.c4 e6 3.Nf3 Nf6 4.g3 Be7 5.Bg2 O-O 6.O-O dxc4 7.Qc2 a6 8.a4 Bd7
9.Qxc4 Bc6 10.Bg5 Nbd7 11.Nc3 h6 12.Bxf6 Nxf6 13.Ne5 Bxg2 14.Kxg2 Qd6 15.Nd3 Rfd8
16.e3 c5 17.Qxc5 Qxc5 18.Nxc5 Bxc5 19.dxc5 Rdc8 20.b4 a5 21.bxa5 Rxa5 22.Nb5 Rxc5
23.Nd6 Rd5 24.Nxb7 Ra7 25.Rfb1 Ne4 26.Rb4 f5 27.Rb2 Kf7 28.a5 Nc5 29.Nxc5 Rxc5
30.a6 Rc6 31.Rba2 Kf6 32.h4 g6 33.Kf3 Rb6 34.g4 h5 35.g5+ Ke7 36.Ra5 Kd6
37.R1a4 Ke7 38.Kf4 Kd6 39.f3 Rc6 40.e4 Rb6 41.Ra3 Rc6 42.Ke3 Rb6 43.Kd4 Rb4+
44.Kc3 Rb6 45.Kc4 Rc7+ 46.Kd4 Ra7 47.e5+ Kc7 48.Kc4 Kc8 49.Rc5+ Kd8 50.Rd3+ Ke7
51.Rd6 Rxd6 52.exd6+ Kxd6 53.Ra5 e5 54.Kb5 Ra8 55.a7 Kc7 56.Ka6 Re8 57.Rxe5 Rxe5
58.a8=Q Re6+ 59.Kb5 f4 60.Qd5 Rd6 61.Qf7+  1-0

[Event "Yerevan ol (Men)"]
[Site "Yerevan"]
[Date "1996.??.??"]
[Round "8"]
[White "Ftacnik, Lubomir"]
[Black "Beliavsky, Alexander G"]
[Result "1/2-1/2"]
[WhiteElo "2610"]
[BlackElo "2620"]

1.d4 Nf6 2.Nf3 d5 3.c4 e6 4.g3 Be7 5.Bg2 O-O 6.O-O dxc4 7.Qc2 a6 8.a4 Nc6
9.Qxc4 Qd5 10.Nbd2 Rd8 11.e3 Qxc4 12.Nxc4 Rb8 13.Bd2 Ne4 14.Rfc1 Nxd2 15.Nfxd2 Nb4
16.Nb3 f6 17.Ncd2 c6 18.Nc4 Nd5 19.a5 Kf7 20.h4 Nc7 21.Rd1 Bd7 22.f4 Be8
23.Rac1 Kf8 24.Bf3 Bf7 25.Nc5 e5 26.Nb6 Bxc5 27.dxc5 Ke7 28.fxe5 fxe5 29.Bg4 Be6
30.Bxe6 Kxe6 31.Kf2 Nd5 32.Ke2 Nxb6 33.axb6 h5 34.e4  1/2-1/2

[Event "Yerevan ol (Men)"]
[Site "Yerevan"]
[Date "1996.??.??"]
[Round "9"]
[White "Olsen, Heini"]
[Black "Barrios, Ramon"]
[Result "1-0"]
[WhiteElo "2315"]
[BlackElo "2160"]

1.Nf3 Nf6 2.c4 e6 3.g3 d5 4.d4 Be7 5.Bg2 O-O 6.O-O dxc4 7.Qc2 a6 8.Qxc4 b5
9.Qc2 Bb7 10.Bf4 Nd5 11.Nc3 Nxf4 12.gxf4 g6 13.Rfd1 Qd6 14.e3 Nd7 15.Rac1 Rac8
16.Ne4 Bxe4 17.Qxe4 c5 18.dxc5 Nxc5 19.Rxd6 Nxe4 20.Rdc6 Rxc6 21.Rxc6 a5
22.Nd4 Nd6 23.Bf1 b4 24.Ra6 Rc8 25.Nc6 Bf6 26.Bg2 b3 27.axb3 Nb7 28.Ra7 Rc7
29.Bf3 Bxb2 30.Kg2 Bc3 31.Nb8  1-0

[Event "Yerevan ol (Women)"]
[Site "Yerevan"]
[Date "1996.??.??"]
[Round "9"]
[White "Jiretorn, Eva"]
[Black "Khanom, Afrooza"]
[Result "1-0"]
[WhiteElo "2085"]
[BlackElo "2045"]

1.d4 Nf6 2.c4 e6 3.Nf3 d5 4.g3 Be7 5.Bg2 O-O 6.O-O c6 7.Qc2 Nbd7 8.Nbd2 Re8
9.e4 dxe4 10.Nxe4 Nxe4 11.Qxe4 Nf6 12.Qc2 Bd6 13.Rd1 Qc7 14.b3 Bd7 15.Bb2 Rad8
16.Rd2 Bc8 17.Rad1 Qa5 18.a3 Qh5 19.b4 a5 20.Bc3 Bc7 21.Re2 axb4 22.axb4 Nd7
23.Rde1 Nb6 24.Bb2 f6 25.Nd2 Kh8 26.f4 Nd7 27.Bf3 Qf7 28.Ne4 Nf8 29.Kg2 Bb6
30.Rd1 Bc7 31.Rde1 Ng6 32.Qc1 Ne7 33.Qa1 Kg8 34.Nc5 Nf5 35.Kh1 Nd6 36.Qa2 Nf5
37.Qa7 Bd6 38.b5 Bxc5 39.dxc5 cxb5 40.cxb5 Re7 41.Qb6 Qe8 42.c6 bxc6 43.Bxc6 Bd7
44.Ba3  1-0

[Event "Yerevan ol (Men)"]
[Site "Yerevan"]
[Date "1996.??.??"]
[Round "10"]
[White "Mochalov, Evgeny V"]
[Black "Hmadi, Slaheddine"]
[Result "1-0"]
[WhiteElo "2465"]
[BlackElo "2320"]

1.d4 e6 2.c4 Nf6 3.g3 d5 4.Nf3 Be7 5.Bg2 c5 6.cxd5 Nxd5 7.O-O Nc6 8.Nc3 O-O
9.Nxd5 exd5 10.dxc5 Bxc5 11.Bg5 Qb6 12.Ne1 h6 13.Bd2 Bf5 14.Rc1 Rad8 15.Nd3 Bxd3
16.exd3 Bd4 17.Bc3 Rfe8 18.Qd2 Re5 19.Rfe1 Rde8 20.Bxd5 R8e7 21.Bxc6 Bxc3
22.bxc3 Rxe1+ 23.Rxe1 Rxe1+ 24.Qxe1 Qxc6 25.c4 b5 26.Qb4 a6 27.c5 a5 28.Qd4 f6
29.Qd8+ Kh7 30.Qd6 Qf3 31.c6 h5 32.c7  1-0

[Event "Yerevan ol (Women)"]
[Site "Yerevan"]
[Date "1996.??.??"]
[Round "11"]
[White "Khegai, Angela"]
[Black "Sekulovska, Vesna"]
[Result "1-0"]
[WhiteElo "2205"]
[BlackElo "2095"]

1.d4 d5 2.Nf3 Nf6 3.c4 e6 4.g3 Be7 5.Bg2 O-O 6.O-O c6 7.b3 Nbd7 8.Qc2 b6
9.Nc3 Bb7 10.Rd1 Qc8 11.Bf4 a6 12.Ne5 Rd8 13.e4 dxe4 14.Nxd7 Rxd7 15.Nxe4 h6
16.Rac1 Nxe4 17.Bxe4 Bf6 18.Be3 Qd8 19.Qd2 Qe7 20.Qe1 Rad8 21.c5 b5 22.Qb4 e5
23.Re1 Qf8 24.dxe5 Bxe5 25.Bf3 Bc7 26.Qg4 g6 27.b4 Qg7 28.Qh3 Kh7 29.Bg5 f6
30.Be3 Be5 31.Qg2 Rc7 32.h4 f5 33.a3 Qf6 34.Rcd1 Rg8 35.Re2 f4 36.Bxf4 Bxf4
37.gxf4 Qxf4 38.Re6 Qxh4 39.Rdd6 Qg5 40.Qxg5 hxg5 41.Be4 Rcg7 42.Bxc6 Bc8
43.Rf6 g4 44.Be4 Kh6 45.Bd5 Re8 46.Bf7 Re1+ 47.Kg2 Kg5 48.Bxg6 Ra1 49.Be4 Rxa3
50.Rf8  1-0

[Event "Yerevan ol (Men)"]
[Site "Yerevan"]
[Date "1996.??.??"]
[Round "12"]
[White "Pineda, Boris"]
[Black "Hakki, Imad"]
[Result "1/2-1/2"]
[WhiteElo "2230"]
[BlackElo "2380"]

1.c4 e6 2.Nf3 Nf6 3.g3 d5 4.d4 Be7 5.Bg2 O-O 6.O-O dxc4 7.Qa4 a6 8.Qxc4 b5
9.Qc2 Bb7 10.Nbd2 Nbd7 11.a4 c5 12.axb5 axb5 13.Rxa8 Qxa8 14.dxc5 Nxc5 15.Ne1 Rc8
16.Bxb7 Qxb7 17.Nef3 h6 18.Nb3 Nfe4 19.Be3 Na4 20.Qb1 Qd5 21.Nbd4 Nd6 22.Rc1 Rxc1+
23.Qxc1 Bf8 24.Bf4 Ne4 25.Qc7 Qc5 26.Qd7 Nxb2 27.Qxb5 Qxb5 28.Nxb5 Bc5 29.Nfd4 g5
30.Bc1 Nc4 31.f3 Nc3 32.Kf1 Na2 33.Nb3 Bb6 34.Na3 Ne3+ 35.Bxe3 Bxe3 36.Nc2 Bb6
37.Ke1 Nc3 38.Kd2 Nb5 39.g4 Kg7 40.Kd3 Kf6 41.Nd2 Bc7 42.h3 Ke5 43.e3 f5
44.Nc4+ Kf6 45.e4 Be5 46.exf5 exf5 47.N2e3 f4 48.Nf5 h5 49.Nh6 h4 50.Nf5  1/2-1/2

[Event "Yerevan ol (Men)"]
[Site "Yerevan"]
[Date "1996.??.??"]
[Round "13"]
[White "Ilincic, Zlatko"]
[Black "Ekstroem, Roland"]
[Result "1-0"]
[WhiteElo "2520"]
[BlackElo "2430"]

1.d4 d5 2.c4 e6 3.Nf3 Nf6 4.g3 Be7 5.Bg2 O-O 6.O-O dxc4 7.Qc2 a6 8.a4 Bd7
9.Qxc4 Bc6 10.Bg5 a5 11.Nc3 Ne4 12.Bxe7 Qxe7 13.Qd3 Nxc3 14.bxc3 f5 15.Ne5 Bxg2
16.Kxg2 Nd7 17.Nxd7 Qxd7 18.Rfb1 b6 19.Rb5 Rad8 20.Qc4 Qf7 21.e3 Rd5 22.Qc6 Rxb5
23.Qxb5 Rd8 24.Rb1 Qd7 25.c4 Kf7 26.Qxd7+ Rxd7 27.Rb5 Ke7 28.Kf3 Rd6 29.Ke2 g5
30.g4 Kf6 31.h3 Kg6 32.c5 Rc6 33.Kd3 h5 34.f3 hxg4 35.hxg4 Kf6 36.cxb6 cxb6
37.gxf5 exf5 38.d5 Rc1 39.Rxb6+ Ke5 40.e4 fxe4+ 41.fxe4 Rd1+ 42.Ke2 Rd4 43.Re6+ Kf4
44.d6 g4 45.e5 g3 46.Re8 g2 47.Kf2 Rd2+ 48.Kg1 Kg3 49.Rg8+ Kh3 50.Rg7 Rd5
51.d7 Rd1+ 52.Kf2 Rd2+ 53.Kf3 Rd3+ 54.Ke4  1-0

[Event "Zaragoza op"]
[Site "Zaragoza"]
[Date "1996.??.??"]
[Round "1"]
[White "Ivanov, Mikhail M"]
[Black "Ubilava, Elizbar"]
[Result "1/2-1/2"]
[WhiteElo "2375"]
[BlackElo "2535"]

1.Nf3 d5 2.c4 e6 3.d4 Nf6 4.g3 Be7 5.Bg2 O-O 6.Qc2 c5 7.O-O cxd4 8.Nxd4 Nc6
9.Nxc6 bxc6 10.Rd1 Ba6 11.b3 Qb6 12.Be3 Bc5 13.Bxc5 Qxc5 14.Nd2 Ng4 15.e3 dxc4
16.Rac1 Ne5 17.Qc3 f6 18.Nxc4 Bxc4 19.bxc4 Rfd8 20.Rd4 Rab8 21.h3 h6 22.Kh2 Nf7
23.Rcd1 Kf8 24.Qd3 e5 25.Rd7 Rxd7 26.Qxd7 Rd8 27.Qg4 Rxd1 28.Qxd1 Nd6 29.Qb3 e4
30.Qb8+ Kf7 31.Qc7+ Kf8 32.Qb8+ Kf7 33.Qc7+ Kf8 34.Qb8+  1/2-1/2

[Event "Zaragoza op"]
[Site "Zaragoza"]
[Date "1996.??.??"]
[Round "6"]
[White "Gamundi, Antonio"]
[Black "Huss, Andreas"]
[Result "1-0"]
[WhiteElo "2395"]
[BlackElo "2380"]

1.d4 e6 2.g3 Nf6 3.Bg2 d5 4.Nf3 Be7 5.c4 O-O 6.Qc2 c6 7.O-O Nbd7 8.Nbd2 b6
9.e4 Bb7 10.e5 Ne8 11.cxd5 cxd5 12.Re1 Rc8 13.Qd1 Nc7 14.Nf1 b5 15.h4 b4
16.N1h2 Nb5 17.g4 a5 18.g5 Qc7 19.Bf1 Ba6 20.Bd3 Qb6 21.Ng4 Kh8 22.Be3 Na7
23.Bb1 f5 24.gxf6 gxf6 25.exf6 Nxf6 26.Ng5 Nxg4 27.Qxg4 Bxg5 28.hxg5 Nc6
29.g6 Rc7 30.Qxe6 Re7 31.Qxd5 Bb7 32.Qd6 Qb5 33.d5 Qc4 34.dxc6 Qg4+ 35.Qg3  1-0

[Event "Weihnachts op"]
[Site "Zuerich"]
[Date "1996.??.??"]
[Round "4"]
[White "Wyss, Thomas"]
[Black "Ilijin, Neboisa"]
[Result "0-1"]
[WhiteElo "2215"]
[BlackElo "2305"]

1.Nf3 Nf6 2.g3 d5 3.c4 e6 4.d4 Be7 5.Bg2 O-O 6.O-O c6 7.Qc2 Nbd7 8.Rd1 b5
9.cxb5 cxb5 10.Bf4 Bb7 11.Nbd2 Qb6 12.Rdc1 Rfc8 13.Bc7 Qa6 14.Qb3 Bc6 15.Bf4 b4
16.h3 Bb5 17.e4 dxe4 18.Ne5 Nh5 19.Nxe4 Nxf4 20.gxf4 Rxc1+ 21.Rxc1 Rc8 22.Re1 Nxe5
23.fxe5 Bc4 24.Qg3 Rd8 25.Nf6+ Kh8 26.Qh4 Bd3 27.Be4 Bxe4 28.Rxe4 gxf6 29.exf6 Rg8+
30.Rg4 Rxg4+ 31.hxg4 Bf8  0-1

[Event "Landesliga Nord9798"]
[Site "Bayern"]
[Date "1997.02.01"]
[Round "?"]
[White "Jirovsky, Pavel"]
[Black "Donev, Ivo Hristov"]
[Result "1/2-1/2"]
[WhiteElo "2395"]
[BlackElo "2420"]

1.d4 d5 2.Nf3 Nf6 3.c4 e6 4.g3 Be7 5.Bg2 O-O 6.O-O dxc4 7.Qc2 a6 8.a4 Bd7
9.Qxc4 Bc6 10.Nc3 b5 11.Qd3 b4 12.Nb1 Be4 13.Qc4 Bd5 14.Qc2 c5 15.dxc5 Nbd7
16.Bg5 Rc8 17.Nbd2 Rxc5 18.Qd3 Qa8 19.Be3 Rc7 20.Rfc1 Nc5 21.Bxc5 Bxc5 22.Nb3 Ne4
23.Nxc5 Nxc5 24.Qe3 Rfc8 25.Ne1 h6 26.Rc4 Qb8 27.Bxd5 exd5 28.Rd4 Re8 29.Qf3 Rce7
30.Rxd5 Rxe2 31.Rxc5 Rxe1+ 32.Rxe1 Rxe1+ 33.Kg2 Qe8 34.Rc7 Re7 35.Qc6 Qxc6+
36.Rxc6 a5 37.Rc5 Re2 38.Rxa5 Rxb2 39.Rb5 Kf8 40.Rb7 b3 41.a5  1/2-1/2

[Event "RUS-Cup4"]
[Site "Perm"]
[Date "1997.02.09"]
[Round "2"]
[White "Sorokin, Maxim"]
[Black "Sergeev, Nickolay"]
[Result "1/2-1/2"]
[WhiteElo "2560"]
[BlackElo "2330"]

1.d4 Nf6 2.c4 e6 3.g3 d5 4.Bg2 Be7 5.Nf3 dxc4 6.Qa4+ Nbd7 7.Qxc4 a6 8.Bf4 Nd5
9.Nc3 b5 10.Qd3 Nxf4 11.gxf4 Bb7 12.O-O Nf6 13.Ne5 Bxg2 14.Kxg2 O-O 15.Rac1 Nd5
16.Qf3 Nxc3 17.Nc6 Qd7 18.Rxc3 Bd6 19.e4 f6 20.e5 Be7 21.Rd1 Rae8 22.Qe4 fxe5
23.fxe5 Rf5 24.Rdd3 Ref8 25.Rf3 Qe8 26.Rxf5 Rxf5 27.Rf3 Rxf3 28.Kxf3 Bf8
29.Kg2 Qh5 30.h3 Qe8 31.d5 Qd7 32.dxe6 Qxe6 33.a3 Be7 34.Nd4 Qg6+ 35.Qxg6 hxg6
36.Nc6 Kf7 37.Kf3 Bc5 38.b4 Bb6 39.Ke2 Ke6 40.f4 g5 41.Kf3 Kd5  1/2-1/2

[Event "RUS-Cup4"]
[Site "Perm"]
[Date "1997.02.13"]
[Round "6"]
[White "Filippov, Valerij"]
[Black "Kozlov, Oleg"]
[Result "1-0"]
[WhiteElo "2510"]
[BlackElo "2380"]

1.Nf3 d5 2.d4 Nf6 3.c4 e6 4.g3 Be7 5.Bg2 O-O 6.O-O c6 7.Nc3 b6 8.Ne5 Nfd7
9.cxd5 Nxe5 10.dxe5 cxd5 11.Nxd5 exd5 12.Qxd5 Qxd5 13.Bxd5 Bh3 14.Bxa8 Bxf1
15.Kxf1 Nd7 16.Be4 Nxe5 17.Bf4 Nc4 18.b3 g5 19.Bxg5 Bxg5 20.bxc4 Rc8 21.Bd5 Rc5
22.f4 Bf6 23.Rd1 Ra5 24.Rd2 Bc3 25.Rc2 Bb4 26.e4 Kf8 27.e5 Ke7 28.Kg2 Ra3
29.Kh3 Re3 30.Kg4 f6 31.e6 Bc5 32.Kf5 Bb4 33.Rg2 Rd3 34.h4 Rd4 35.g4 Bd2
36.Be4 Bc3 37.Bd5 Bd2 38.Rf2 b5 39.g5 fxg5 40.hxg5 bxc4 41.Bxc4 Rxc4 42.Rxd2 Rc5+
43.Kg4 Kxe6 44.Rh2 Rc7 45.f5+ Ke5 46.Re2+ Kd6 47.f6 Rc1 48.Rh2 Rg1+ 49.Kh5 Ke6
50.Re2+ Kf7 51.Re7+ Kg8 52.Rg7+ Kh8 53.Rxa7 Kg8 54.a4 Rh1+ 55.Kg4 Rg1+ 56.Kf5 Rf1+
57.Ke6 Re1+ 58.Kd6 Rg1 59.a5  1-0

[Event "Beersheba 16th"]
[Site "Beersheba"]
[Date "1997.02.26"]
[Round "3"]
[White "Mikhalevski, Victor"]
[Black "Rozentalis, Eduardas"]
[Result "1/2-1/2"]
[WhiteElo "2535"]
[BlackElo "2650"]

1.d4 Nf6 2.c4 e6 3.g3 d5 4.Bg2 Be7 5.Nf3 O-O 6.O-O dxc4 7.Qc2 a6 8.a4 Bd7
9.Qxc4 Bc6 10.Bg5 a5 11.Nc3 Na6 12.Rac1 Nb4 13.Rfd1 Rc8 14.Bxf6 Bxf6 15.e4 b6
16.d5 exd5 17.exd5 Bb7 18.Nd4 Ba6 19.Ncb5 Bxd4 20.Rxd4 Qf6 21.Rcd1 g6 22.b3 Rfe8
23.Bh3 c6 24.Rf4 cxb5 25.Qxb4 Qc3 26.Qxc3 Rxc3 27.Bf1 Rxb3 28.Rf6 Bb7 29.Bxb5 Rd8
30.Rxb6 Rxd5 31.Re1 Rd7 32.Rxg6+ hxg6 33.Bxd7 Bf3 34.h3 Rb4 35.Bb5 Rd4 36.Ra1 f5
37.Kh2 Rd2 38.Kg1 Kg7 39.Bf1 f4 40.gxf4 Rd4 41.Kh2 Rxf4 42.Kg3 g5 43.Rc1 Kf6
44.h4 Bb7 45.hxg5+ Kxg5 46.Rc5+ Rf5 47.f4+ Kf6 48.Rc7 Be4 49.Bb5 Rd5 50.Rc6+ Kg7
51.Ra6 Rd2 52.Bf1 Rd1 53.Be2 Rd2 54.Kf2 Ra2 55.Ke3 Rxa4 56.Bb5 Rb4 57.Rxa5 Kf6
58.Ra6+ Ke7 59.Bf1 Bf5 60.Bg2 Kf7  1/2-1/2

[Event "FRA-chT9697 final"]
[Site "Clichy"]
[Date "1997.05.02"]
[Round "9"]
[White "Verat, Laurent"]
[Black "Goldgewicht, Lionel"]
[Result "1/2-1/2"]
[WhiteElo "2300"]
[BlackElo "2335"]

1.d4 e6 2.Nf3 d5 3.c4 Be7 4.g3 Nf6 5.Bg2 O-O 6.O-O dxc4 7.Qc2 a6 8.Qxc4 b5
9.Qc2 Bb7 10.Bf4 Nc6 11.Rd1 Nb4 12.Qc1 Qc8 13.Nbd2 c5 14.dxc5 Bxc5 15.Nb3 Be7
16.Na5 Be4 17.Nd4 Bxg2 18.Kxg2 Nfd5 19.a3 Nxf4+ 20.Qxf4 Nd5 21.Qf3 Ra7 22.e4 Nb6
23.Qe3 Rc7 24.Rac1 Nc4 25.Nxc4 bxc4 26.Ne2 Qb7 27.Rc2 h6 28.h4 Rb8 29.Rdc1 Rbc8
30.Kg1 Rc5 31.Nc3 Bf6 32.Na4 R5c6 33.e5 Be7 34.Qe4 Qb3 35.Nc3 Rc5 36.Qf4 Qb8
37.Ne4 R5c6 38.Nd6 Bxd6 39.exd6 Qxd6 40.Qxd6 Rxd6 41.Rxc4 Rxc4 42.Rxc4 Rd2
43.Rc6 Rxb2 44.Rxa6 g6 45.a4 Ra2 46.a5 Kg7 47.Kg2 Ra3 48.Ra7 Kf6 49.a6 h5  1/2-1/2

[Event "FRA-chT9697 final"]
[Site "Clichy"]
[Date "1997.05.02"]
[Round "9"]
[White "Rocher, Oliver"]
[Black "Mourgues, Joelle"]
[Result "1-0"]
[WhiteElo "2210"]
[BlackElo "1790"]

1.d4 Nf6 2.c4 e6 3.g3 d5 4.Bg2 Be7 5.Nf3 O-O 6.O-O c6 7.Qc2 Nbd7 8.Rd1 Ne4
9.Ne5 f5 10.b3 Nxe5 11.dxe5 Bd7 12.Ba3 b5 13.Bxe7 Qxe7 14.e3 bxc4 15.bxc4 Rab8
16.Nd2 Rb4 17.Rab1 Nxd2 18.Rxb4 Qxb4 19.Rxd2 Rb8 20.f4 Rb7 21.Bf1 a5 22.c5 Qe4
23.Qxe4 fxe4 24.Rd4 Kf7 25.Ra4 Ra7 26.Kf2 Ke7 27.Be2 Be8 28.g4 h6 29.Kg3 Kf7
30.h4 g6 31.h5 Kg7 32.Kh4 Kf7 33.g5 Kg7 34.Bg4 hxg5+ 35.Kxg5 gxh5 36.Bxe6 Kf8
37.Kh4 Kg7 38.Kg5 Kf8 39.Kh4 Kg7 40.Bh3 Kh6 41.Be6 Kg7 42.Kg5 Kf8 43.Bh3 Rg7+
44.Kh4 Ra7 45.f5 Kg7 46.Kg5 Kh7 47.f6 Bg6 48.e6 h4 49.Bg4 Rc7 50.Rxa5 d4
51.exd4 e3 52.Ra3  1-0

[Event "RUS-Cup7"]
[Site "Kstovo"]
[Date "1997.05.06"]
[Round "6"]
[White "Neverov, Valeriy"]
[Black "Akhmadeev, Vadim"]
[Result "0-1"]
[WhiteElo "2530"]
[BlackElo "2450"]

1.d4 d5 2.c4 e6 3.Nf3 Nf6 4.g3 Be7 5.Bg2 O-O 6.O-O dxc4 7.Qc2 a6 8.a4 Bd7
9.Qxc4 Bc6 10.Bg5 a5 11.Nc3 Na6 12.Rac1 Qd6 13.Rfe1 Qb4 14.Qa2 Bxf3 15.Bxf3 c6
16.Red1 Rfd8 17.Be3 Rd7 18.b3 Nc7 19.Qb1 Ncd5 20.Na2 Qb6 21.Bd2 Nb4 22.Bc3 Nxa2
23.Qxa2 Nd5 24.Bb2 Nb4 25.Qb1 Bf6 26.e3 Rad8 27.Rc4 Be7 28.Kg2 Bf6 29.h4 h6
30.Rh1 g6 31.h5 g5 32.Rd1 Bg7 33.Bc3 Nd5 34.Bd2 Ra8 35.Bc1 Rad8 36.Bd2 Ra8
37.Bc1 Rad8 38.Qc2 Nb4 39.Qe2 e5 40.Bb2 exd4 41.exd4 Nd5 42.Qd3 Nf6 43.Re1 Re8
44.Rxe8+ Nxe8 45.Qf5 Qd8 46.Rc5 Bxd4 47.Bxd4 Rxd4 48.Rxa5 Nf6 49.Re5 Kg7
50.Be2 Qd7 51.Qf3 Rd5 52.Rxd5 Nxd5 53.Bc4 Nf6 54.a5 Qc7 55.a6 bxa6 56.Bxa6 c5
57.Bc4 Qe7 58.g4 Qd7 59.Kg3 Qd6+ 60.Kh3 Qd4 61.Qf5 Qd1 62.f3 Qd6 63.Kg2 Qd2+
64.Kg3 Qe3 65.Kg2 Qd4 66.Kf1 Qe3 67.Kg2 Qe7 68.Kf1 Nd7 69.Bd3 Qd6  0-1

[Event "Torneo Magistral 6th"]
[Site "Madrid"]
[Date "1997.05.22"]
[Round "2"]
[White "Beliavsky, Alexander G"]
[Black "Akopian, Vladimir"]
[Result "1/2-1/2"]
[WhiteElo "2665"]
[BlackElo "2655"]

1.d4 Nf6 2.c4 e6 3.g3 d5 4.Bg2 Be7 5.Nf3 O-O 6.O-O c6 7.Qc2 Nbd7 8.Rd1 b6
9.b3 Ba6 10.Nbd2 Rc8 11.e4 c5 12.exd5 exd5 13.Qf5 Bb7 14.Bb2 dxc4 15.Nxc4 b5
16.d5 bxc4 17.d6 Re8 18.dxe7 Qxe7 19.bxc4 Rb8 20.Bc3 Qe4 21.Qxe4 Bxe4 22.Bd2 h6
23.Rdc1 Rb2 24.Bc3 Re2 25.h3 Re6 26.a4 Nb6 27.Ne1 Bxg2 28.Nxg2 Rd6 29.a5 Nbd7
30.Kf1 Re4 31.Ne3 Ne5 32.Bxe5 Rxe5 33.Rd1 Rd4 34.a6 Ne4 35.Kg2 Re6 36.Rxd4 cxd4
37.Nd5 Nc5 38.Ra5 Nxa6 39.Nf4 Rc6 40.Nd3 Kf8 41.c5 Ke8 42.Kf3 Nc7 43.Rxa7 Na6
44.Ke4  1/2-1/2

[Event "Najdorf"]
[Site "Buenos Aires"]
[Date "1997.05.27"]
[Round "8"]
[White "Ricardi, Pablo"]
[Black "Zarnicki, Pablo"]
[Result "1/2-1/2"]
[WhiteElo "2575"]
[BlackElo "2560"]

1.d4 Nf6 2.c4 e6 3.g3 d5 4.Bg2 Be7 5.Nf3 O-O 6.O-O dxc4 7.Qc2 a6 8.Qxc4 b5
9.Qc2 Bb7 10.Bg5 Nbd7 11.Nbd2 Rc8 12.Bxf6 Nxf6 13.Nb3 c5 14.dxc5 Bd5 15.Ne1 Bxg2
16.Nxg2 Qc7 17.Rfd1 Nd7 18.Nf4 Nxc5 19.Nxc5 Bxc5  1/2-1/2

[Event "Najdorf"]
[Site "Buenos Aires"]
[Date "1997.05.27"]
[Round "8"]
[White "Panno, Oscar"]
[Black "Campora, Daniel H"]
[Result "1/2-1/2"]
[WhiteElo "2465"]
[BlackElo "2555"]

1.d4 d5 2.c4 e6 3.Nf3 Nf6 4.g3 Be7 5.Bg2 O-O 6.O-O b6 7.Nc3 Bb7 8.cxd5 exd5
9.Ne5 Na6 10.Bg5 Ne4 11.Bxe7 Qxe7 12.Nd3 Rfd8  1/2-1/2